Football : Vainqueur de l'Allsvenskan - Statistiques

Statistiques générales
  • Ce quiz a été pris 4 fois
  • Le résultat moyen est 31 sur 101
Statistiques - réponses
Année Vainqueur % Correct
1935 | 1942 | 1958 | +12 others IFK Göteborg
100%
1932 | 1937 | 1992 | +3 others AIK
50%
1944 | 1949 | 1950 | +21 others Malmö FF
50%
1925 | 1927 | 1931 | 1954 GAIS
25%
1972 | 1973 Åtvidabergs FF
0%
2022 BK Häcken
0%
1955 | 1959 | 1964 | +5 others Djurgårdens IF
0%
1976 | 1979 | 1997 | 2000 Halmstads BK
0%
2001 Hammarby IF
0%
1929 | 1930 | 1933 | +4 others Helsingborgs IF
0%
1936 | 1939 | 1940 | +3 others IF Elfsborg
0%
1943 | 1945 | 1946 | +10 others IFK Norrköping
0%
1938 IK Sleipner
0%
2008 Kalmar FF
0%
2025 Mjällby AIF
0%
1926 | 1928 | 1985 Örgryte IS
0%
1968 | 1978 | 1980 | 1981 Östers IF
0%
Aucun quiz correspondant
Distribution des résultats
% des personnes avec chaque résultat
Percentile par nombre de réponses
Votre historique - résultats
Vous n’avez pas pris ce quiz